000 00922cam a2200301 a 4500
001 3397041
003 ARRUPE
005 20140327163940.0
008 890118r19891973cauaf b 001 0 eng
010 _a 89000576
020 _a0809575256 :
_c$19.95
040 _aDLC
_cDLC
_dDLC
043 _af-sa---
050 0 0 _aDT777
_b.C54 1989
082 0 0 _a968.4/045
_219
100 1 _aClammer, David.
_99576
245 1 4 _aThe Zulu War /
_cby David Clammer.
260 _aCape Town
_bPurnell
_c1973.
300 _a239 p., [16] p. of plates :
_bill. ;
_c20 cm.
440 0 _aBattle standards
_99577
500 _aReprint. Originally published: Newton Abbot : David and Charles, 1973.
500 _aIncludes index.
504 _aBibliography: p. 227-230.
650 0 _aZulu War, 1879.
_99578
906 _a7
_bcbc
_corignew
_d1
_eocip
_f19
_gy-gencatlg
942 _2lcc
_cREFERENCE
999 _c120318
_d120318